Soutj African Journal of International Affairs (Record no. 7035)

MARC details
000 -LEADER
fixed length control field 00472nam a22001217a 4500
008 - FIXED-LENGTH DATA ELEMENTS--GENERAL INFORMATION
fixed length control field 200415b ||||| |||| 00| 0 eng d
100 ## - MAIN ENTRY--PERSONAL NAME
Personal name Elizabeth Sidiropolos
245 ## - TITLE STATEMENT
Title Soutj African Journal of International Affairs
Statement of responsibility, etc. Edited by Elizabeth Sidiropolos and Diana Games
Medium English
260 ## - PUBLICATION, DISTRIBUTION, ETC. (IMPRINT)
Place of publication, distribution, etc. South Africa
Name of publisher, distributor, etc. The South African Institute of International Affairs
Date of publication, distribution, etc. 2006
300 ## - PHYSICAL DESCRIPTION
Extent 198p.
Dimensions 24cm
650 ## - SUBJECT ADDED ENTRY--TOPICAL TERM
Source of heading or term South African Journal of International Affairs
942 ## - ADDED ENTRY ELEMENTS (KOHA)
Source of classification or shelving scheme Dewey Decimal Classification
Koha item type BOOKS
Holdings
Withdrawn status Lost status Source of classification or shelving scheme Damaged status Not for loan Home library Current library Date acquired Total Checkouts Barcode Date last seen Price effective from Koha item type
    Dewey Decimal Classification     Mwanza Mwanza 15/04/2020   1000002818 15/04/2020 15/04/2020 BOOKS

IRDP © 2021 :: Managed by ICT Team